Ciudades más Pobladas de Sudamérica - Estadísticas

Estadísticas generales
  • Esta prueba ha sido intentada 216 veces
  • La puntuación promedio es 29 de 55
Estadísticas de respuestas
País Ciudad Población % Correcto
Argentina Buenos Aires 14.975.587
100%
Colombia Bogotá 10.777.931
99%
Venezuela Caracas 5.622.798
98%
Perú Lima 10.479.899
98%
Brasil Río de Janeiro 11.902.701
98%
Chile Santiago de Chile 7.112.808
98%
Brasil São Paulo 21.048.514
96%
Brasil Brasilia 4.291.577
93%
Uruguay Montevideo 2.098.452
92%
Colombia Medellín 3.870.058
91%
Ecuador Quito 3.048.419
91%
Paraguay Asunción 2.807.111
88%
Bolivia La Paz 1.864.191
88%
Argentina Córdoba 1.884.320
82%
Colombia Cali 3.262.157
80%
Ecuador Guayaquil 3.375.378
74%
Colombia Barranquilla 2.326.292
71%
Argentina Rosario 1.691.880
69%
Brasil Recife 4.005.396
62%
Brasil Fortaleza 4.019.320
61%
Venezuela Maracaibo 3.487.352
60%
Argentina Mendoza 1.251.347
60%
Brasil Manaus 2.722.014
59%
Colombia Cartagena de Indias 1.382.331
57%
Brasil Porto Alegre 4.115.375
57%
Bolivia Santa Cruz de la Sierra 2.409.875
55%
Brasil Belo Horizonte 6.006.091
54%
Brasil Curitiba 3.654.960
51%
Brasil Salvador 3.919.864
51%
Chile Valparaíso 1.097.387
51%
Brasil Belém 2.505.242
50%
Venezuela Valencia 2.281.011
42%
Perú Arequipa 1.101.438
40%
Colombia Bucaramanga 1.160.272
38%
Bolivia Cochabamba 1.370.104
35%
Brasil São Luís 1.526.213
35%
Brasil Florianópolis 1.189.947
34%
Perú Trujillo 1.089.681
33%
Brasil Natal 1.577.645
31%
Chile Concepción 1.037.170
30%
Colombia Cúcuta 1.048.347
27%
Brasil Goiânia 2.613.491
27%
Brasil Campinas 3.342.707
26%
Venezuela Maracay 1.576.451
25%
Brasil Santos 1.897.551
25%
Venezuela Barquisimeto 1.833.296
24%
Venezuela Ciudad Guayana 1.011.234
22%
Brasil João Pessoa 1.211.360
18%
Brasil Maceió 1.314.254
18%
Brasil Vitória 2.033.067
12%
Brasil Ribeirão Preto 1.662.645
6%
Brasil Sorocaba 2.120.095
6%
Brasil Joinville 1.363.854
5%
Brasil San José de los Campos 2.599.218
5%
Brasil Piracicaba 1.452.691
4%
No se encontraron pruebas coincidentes
Distribución de puntuación
Porcentaje de gente con cada puntuación
Porcentaje por número respondido
Historial de tus puntuaciones
No has intentado esta prueba.